History Quiz

Random History or Biography Quiz

Stalin's Bunker Quiz Stats

 Plays Quiz not verified by Sporcle

Support Sporcle.
Go Orange.
Score 0/15 Timer 05:00
0 Plays Today
Question Answer % Correct
????
100%
????
94.5%
????
93.1%
????
91.2%
????
74.6%
????
69.4%
????
46.3%
????
42.6%
Question Answer % Correct
????
39.8%
????
35.7%
????
29.6%
????
25%
????
12.6%
????
5.7%
????
2.7%

You're not logged in!

Compare scores with friends on all Sporcle quizzes.
OR
Log In

From the Vault

A Dessert by Any Other Name...

by Ubbiebubbie

This language quiz is pretty sweet.
Remove Ads.
Support Sporcle.
Get the best of Sporcle when you Go Orange. This ad-free experience offers more features, more stats, and more fun while also helping to support Sporcle. Thank you for becoming a member.

Show Comments

Extras

Top Quizzes Today


Score Distribution

Your Account Isn't Verified!

In order to create a playlist on Sporcle, you need to verify the email address you used during registration. Go to your Sporcle Settings to finish the process.

Report this User

Report this user for behavior that violates our Community Guidelines.

Details: